Development process and the effectiveness of application of regulation and by-law of community fisheries in coastal cambodia case study of kampot province, ដំណើរការរៀបចំនិងប្រសិទ្ធភាពនៃការអនុវត្តន៍លក្ខន្តិកៈរបស់សហគមន៍នេសាទ(ករណីសិក្សាសហគមន៍ព្រែកត្នោតកែបថ្មី និងកោះគ្រឹស្នា)តំបន់ឆ្នេរកំពត (Record no. 3868)
[ view plain ]
| 000 -LEADER | |
|---|---|
| fixed length control field | 00905nam a22001577a 4500 |
| 003 - CONTROL NUMBER IDENTIFIER | |
| control field | OSt |
| 005 - DATE AND TIME OF LATEST TRANSACTION | |
| control field | 20151202150932.0 |
| 008 - FIXED-LENGTH DATA ELEMENTS--GENERAL INFORMATION | |
| fixed length control field | 151202b xxu||||| |||| 00| 0 eng d |
| 040 ## - CATALOGING SOURCE | |
| Transcribing agency | RUA |
| 082 ## - DEWEY DECIMAL CLASSIFICATION NUMBER | |
| Classification number | FIS MEY 2008 B180 Or.1 |
| 100 ## - MAIN ENTRY--PERSONAL NAME | |
| 9 (RLIN) | 4154 |
| Personal name | MEY, SOTHEA. |
| 245 ## - TITLE STATEMENT | |
| Title | Development process and the effectiveness of application of regulation and by-law of community fisheries in coastal cambodia case study of kampot province, ដំណើរការរៀបចំនិងប្រសិទ្ធភាពនៃការអនុវត្តន៍លក្ខន្តិកៈរបស់សហគមន៍នេសាទ(ករណីសិក្សាសហគមន៍ព្រែកត្នោតកែបថ្មី និងកោះគ្រឹស្នា)តំបន់ឆ្នេរកំពត |
| 260 ## - PUBLICATION, DISTRIBUTION, ETC. (IMPRINT) | |
| Place of publication, distribution, etc. | Phnom Penh |
| Name of publisher, distributor, etc. | RUA |
| Date of publication, distribution, etc. | 2008 |
| 300 ## - PHYSICAL DESCRIPTION | |
| Extent | xiii; 62p. |
| Other physical details | ill. |
| Dimensions | 29cm. |
| 942 ## - ADDED ENTRY ELEMENTS (KOHA) | |
| Source of classification or shelving scheme | |
| Koha item type | FIS |
| Price effective from | Date last seen | Permanent Location | Not for loan | Date acquired | Source of classification or shelving scheme | Koha item type | Lost status | Withdrawn status | Date last checked out | Total Checkouts | Shelving location | Damaged status | Barcode | Current Location | Full call number |
|---|---|---|---|---|---|---|---|---|---|---|---|---|---|---|---|
| 2015-12-02 | 2015-12-02 | Library Block B | 2015-12-02 | FIS | B180 | RUA011157 | Library Block B | FIS MEY 2008 B180 Or.1 | |||||||
| 2015-12-02 | 2015-12-02 | Library Block B | 2015-12-02 | FIS | B180 | RUA011217 | Library Block B | FIS MEY 2008 B180 Or.2 | |||||||
| 2015-12-02 | 2019-07-22 | Library Block B | 2015-12-02 | FIS | 2019-07-10 | 1 | B180 | RUA011445 | Library Block B | FIS MEY 2008 B180 Or.3 | |||||
| 2015-12-02 | 2015-12-02 | Library Block B | 2015-12-02 | FIS | B180 | RUA011012 | Library Block B | FIS MEY 2008 B180 Or.4 | |||||||
| 2015-12-02 | 2016-04-08 | Library Block B | 2015-12-02 | FIS | 2016-03-18 | 1 | B180 | RUA011085 | Library Block B | FIS MEY 2008 B180 Or.5 | |||||
| 2015-12-02 | 2023-05-26 | Library Block B | 2015-12-02 | FIS | 2023-04-28 | 5 | B180 | RUA019724 | Library Block B | FIS MEY 2008 B180 Or.6 |